Encuesta especial a los desocupados Gran Santiago: junio de 1981
Guardat en:
| Autor principal: | |
|---|---|
| Format: | Llibre |
| Idioma: | espanyol |
| Publicat: |
Santiago
Universidad de Chile
1981
|
| Col·lecció: | Documento de Extensión, 25
|
| Matèries: | |
| Etiquetes: |
Afegir etiqueta
Sense etiquetes, Sigues el primer a etiquetar aquest registre!
|
MARC
| LEADER | 00000nam a2200000 a 4500 | ||
|---|---|---|---|
| 001 | UCR9440 | ||
| 003 | CL-VaPUC | ||
| 008 | 980613e19810900CL |||||||||||||||||spa|d | ||
| 082 | 0 | 4 | |a 331.137 |b MON |2 21 |
| 100 | |a Monardes Toral, Alfonso |e autor |9 411993 | ||
| 245 | 1 | 0 | |a Encuesta especial a los desocupados Gran Santiago: junio de 1981 |
| 300 | |a 36 p | ||
| 942 | |c BK | ||
| 945 | |d 19980613 00:00:00 |a crobeson | ||
| 260 | |a Santiago |b Universidad de Chile |c 1981 | ||
| 650 | 7 | |a DESEMPLEADOS |2 CL-VaPUC |9 411991 | |
| 650 | 0 | |a Encuestas |9 259666 | |
| 650 | 7 | |a INVESTIGACION DE CAMPO |2 CL-VaPUC |9 335943 | |
| 650 | 0 | |a Desempleo |9 257579 | |
| 651 | 0 | |a Santiago |9 265444 | |
| 651 | 7 | |a CHILE |2 CL-VaPUC |9 411992 | |
| 583 | |a last modification |c 19980613 00:00:00 |k Rodrigo Vera | ||
| 490 | 0 | |a Documento de Extensión, 25 | |
| 999 | |c 270635 |d 270633 | ||